| 000 | 00449nam a2200157 i 4500 | ||
|---|---|---|---|
| 001 | 134524 | ||
| 003 | ES-MaACL | ||
| 007 | t| | ||
| 008 | 070911s1982 sp ||||1| spa d | ||
| 100 | 1 |
_aWeber, Max. _9116265 |
|
| 245 | 1 | 0 |
_aHistoria agraria romana / _cMax Weber ; traducción: V. A. González. |
| 260 |
_a[Madrid] : _bAkal, _c[1982] |
||
| 300 |
_a206 p. ; _c22 cm. |
||
| 700 | 1 |
_aGonzález, V. A. _958385 |
|
| 852 |
_aES-MaACL _jL-3641 _bR.103694 |
||
| 999 |
_c134524 _d134524 |
||